Language Quiz

Random Language Quiz

Get Ready To Rhyme! Quiz Stats

Quiz not verified by Sporcle

Challenge
Share
Tweet
Embed
Score 0/20 Timer 06:00
0 Plays Today
Clue Rhyming Answer % Correct
A tune that is far from short?long song
96.7%
An abode for a rodent?mouse house/rat flat
87.9%
A man that is not wet?dry guy
85.7%
A flying toy of the lightest color?white kite
75.8%
An attractive woodwind instrument?cute flute
73.6%
An aviator clad in the last color in the rainbow?violet pilot
72.5%
A fruit spread made out of mollusks?clam jam
71.4%
A deranged flower?crazy daisy
65.9%
A large semi?big rig
65.9%
Minestrone for everyone?group soup
51.6%
Clue Rhyming Answer % Correct
A fern for an insect?ant plant
45.1%
One of two clay workers closer to the kiln?hotter potter
44%
A TV station about wools and cottons?flannel channel
42.9%
A super cool cinematic production from the 60s or 70s?groovy movie
38.5%
An automobile for a fish?gar car
35.2%
A fletcher's container?arrow barrow
24.2%
What you might use to execute a large deer?moose noose
23.1%
A happy finch-like song bird?merry canary
19.8%
The people that prepared the above answer?stew crew
19.8%
What a hunter might use to attract a duck?fake drake
18.7%

You're not logged in!

Compare scores with friends on all Sporcle quizzes.
Join for Free
OR
Log In

You Might Also Like...

Show Comments

Extras

Created Oct 25, 2011ReportNominate
Tags:extra, ready, rhyme

Top Quizzes Today


Score Distribution

Your Account Isn't Verified!

In order to create a playlist on Sporcle, you need to verify the email address you used during registration. Go to your Sporcle Settings to finish the process.

Report this User

Report this user for behavior that violates our Community Guidelines.

Details: